[Event "DEM U10w 2024"]
[Site "Willingen GER"]
[Date "2024.05.24"]
[Round "10"]
[White "Shynkar, Daria"]
[Black "Hleizer, Ahata"]
[Result "1-0"]
[Termination "normal"]
[Board "1"]
[WhiteElo "1661"]
[BlackElo "1610"]
[WhiteClock "01:11:35"]
[BlackClock "00:28:50"]
[PlyCount "69"]
[WhiteFideId "34163212"]
[BlackFideId "34643370"]
[EventCountry "GER"]
[EventRounds "11"]
[EventType "swiss"]
[EventDate "2024.05.18"]

1. d4 {[%clk 01:15:59]} Nf6 {[%clk 01:15:48]} {[%emt 00:00:12]} 2. c4 {[%clk
01:16:26]} {[%emt 00:00:03]} g6 {[%clk 01:15:54]} {[%emt 00:00:23]} 3. Nc3
{[%clk 01:16:53]} {[%emt 00:00:05]} Bg7 {[%clk 01:16:04]} {[%emt 00:00:19]} 4.
e4 {[%clk 01:17:19]} {[%emt 00:00:05]} d6 {[%clk 01:16:13]} {[%emt 00:00:20]}
5. h3 {[%clk 01:17:45]} {[%emt 00:00:06]} O-O {[%clk 01:15:50]} {[%emt
00:00:52]} 6. Be3 {[%clk 01:18:12]} {[%emt 00:00:03]} e5 {[%clk 01:15:09]}
{[%emt 00:01:11]} 7. d5 {[%clk 01:18:37]} {[%emt 00:00:06]} Na6 {[%clk
01:13:46]} {[%emt 00:01:52]} 8. g4 {[%clk 01:19:00]} {[%emt 00:00:07]} Nc5
{[%clk 01:12:20]} {[%emt 00:01:55]} 9. f3 {[%clk 01:19:23]} {[%emt 00:00:08]}
h6 {[%clk 01:09:37]} {[%emt 00:03:12]} 10. Qd2 {[%emt 00:00:49]} Nh7 {[%clk
01:06:45]} {[%emt 00:03:19]} 11. h4 {[%clk 01:17:11]} {[%emt 00:02:27]} Bf6
{[%clk 01:03:26]} {[%emt 00:03:48]} 12. g5 {[%clk 01:14:26]} {[%emt 00:03:16]}
hxg5 {[%clk 01:00:22]} {[%emt 00:03:33]} 13. hxg5 {[%clk 01:14:38]} {[%emt
00:00:18]} Bxg5 {[%clk 00:56:56]} {[%emt 00:03:56]} 14. Qh2 {[%clk 01:14:12]}
{[%emt 00:00:53]} Bh4+ {[%clk 00:56:12]} {[%emt 00:01:17]} 15. Qxh4 {[%clk
01:14:36]} {[%emt 00:00:06]} Qxh4+ {[%clk 00:56:28]} {[%emt 00:00:14]} 16. Rxh4
{[%clk 01:15:01]} {[%emt 00:00:05]} Na6 {[%clk 00:55:36]} {[%emt 00:01:22]} 17.
Bh3 {[%clk 01:13:47]} {[%emt 00:01:44]} Nb4 {[%clk 00:53:53]} {[%emt 00:02:12]}
18. Kd2 {[%clk 01:13:13]} {[%emt 00:00:49]} Re8 {[%clk 00:50:16]} {[%emt
00:04:22]} 19. Bxc8 {[%clk 01:12:48]} {[%emt 00:00:55]} Raxc8 {[%clk 00:49:59]}
{[%emt 00:00:46]} 20. Nge2 {[%clk 01:12:53]} {[%emt 00:00:25]} b6 {[%clk
00:46:34]} {[%emt 00:03:55]} 21. Rah1 {[%clk 01:13:14]} {[%emt 00:00:09]} Nf8
{[%clk 00:44:31]} {[%emt 00:02:33]} 22. Bg5 {[%clk 01:11:59]} {[%emt 00:01:43]}
Kg7 {[%clk 00:41:59]} {[%emt 00:03:03]} 23. Ng3 {[%clk 01:10:08]} {[%emt
00:02:20]} f6 {[%clk 00:38:08]} {[%emt 00:04:23]} 24. Bh6+ {[%clk 01:10:29]}
{[%emt 00:00:09]} Kf7 {[%clk 00:38:11]} {[%emt 00:00:25]} 25. Bxf8 {[%clk
01:10:34]} {[%emt 00:00:27]} Rxf8 {[%clk 00:38:03]} {[%emt 00:00:37]} 26. Rh7+
{[%clk 01:10:59]} {[%emt 00:00:05]} Ke8 {[%clk 00:38:19]} {[%emt 00:00:15]} 27.
Rh8 {[%clk 01:11:20]} {[%emt 00:00:10]} Rxh8 {[%clk 00:37:01]} {[%emt
00:01:49]} 28. Rxh8+ {[%clk 01:11:37]} {[%emt 00:00:13]} Kd7 {[%clk 00:37:21]}
{[%emt 00:00:08]} 29. Rh7+ {[%clk 01:11:57]} {[%emt 00:00:09]} Kd8 {[%clk
00:37:29]} {[%emt 00:00:24]} 30. Rh6 {[%clk 01:12:16]} {[%emt 00:00:11]} f5
{[%clk 00:34:46]} {[%emt 00:03:14]} 31. Rxg6 {[%clk 01:12:02]} {[%emt
00:00:44]} f4 {[%clk 00:35:00]} {[%emt 00:00:16]} 32. Nf5 {[%clk 01:12:26]}
{[%emt 00:00:05]} a5 {[%clk 00:31:58]} {[%emt 00:03:33]} 33. Nb5 {[%clk
01:11:57]} {[%emt 00:00:59]} c5 {[%clk 00:28:33]} {[%emt 00:03:55]} 34. Rxd6+
{[%clk 01:11:37]} {[%emt 00:00:50]} Ke8 {[%clk 00:28:50]} {[%emt 00:00:14]} 35.
Rxb6 {[%clk 01:11:35]} {[%emt 00:00:31]} 1-0

[Event "DEM U10w 2024"]
[Site "Willingen GER"]
[Date "2024.05.24"]
[Round "10"]
[White "Tu, Tiffany"]
[Black "Winkler, Anni"]
[Result "1-0"]
[Termination "normal"]
[Board "2"]
[WhiteElo "1618"]
[BlackElo "1426"]
[WhiteClock "00:49:43"]
[BlackClock "00:29:22"]
[PlyCount "43"]
[WhiteFideId "34628576"]
[BlackFideId "34622349"]
[EventCountry "GER"]
[EventRounds "11"]
[EventType "swiss"]
[EventDate "2024.05.18"]

1. e4 {[%clk 01:15:59]} {[%emt 00:00:01]} c5 {[%clk 01:14:44]} {[%emt
00:01:16]} 2. Nc3 {[%clk 01:16:21]} {[%emt 00:00:07]} d6 {[%clk 01:12:53]}
{[%emt 00:02:20]} 3. Bb5+ {[%clk 01:16:29]} {[%emt 00:00:24]} Bd7 {[%clk
01:11:50]} {[%emt 00:01:34]} 4. Bxd7+ {[%clk 01:16:45]} {[%emt 00:00:14]} Nxd7
{[%clk 01:10:22]} {[%emt 00:01:57]} 5. f4 {[%clk 01:16:59]} {[%emt 00:00:15]}
g6 {[%clk 01:06:15]} {[%emt 00:04:36]} 6. d3 {[%clk 01:17:00]} {[%emt
00:00:30]} Bg7 {[%clk 01:04:54]} {[%emt 00:01:51]} 7. Nf3 {[%clk 01:17:09]}
{[%emt 00:00:21]} e6 {[%clk 01:01:35]} {[%emt 00:03:50]} 8. O-O {[%clk
01:17:01]} {[%emt 00:00:37]} Ne7 {[%clk 01:01:11]} {[%emt 00:00:52]} 9. Qe1
{[%clk 01:16:58]} {[%emt 00:00:34]} O-O {[%clk 00:59:51]} {[%emt 00:01:49]} 10.
Qh4 {[%clk 01:14:09]} {[%emt 00:03:20]} Nc6 {[%clk 00:52:59]} {[%emt 00:07:22]}
11. Qh3 {[%clk 01:11:59]} {[%emt 00:02:39]} Qc7 {[%clk 00:49:36]} {[%emt
00:03:56]} 12. Nb5 {[%clk 01:09:43]} {[%emt 00:02:45]} Qb6 {[%clk 00:49:26]}
{[%emt 00:00:40]} 13. Nxd6 {[%clk 01:05:25]} {[%emt 00:04:48]} Bxb2 {[%clk
00:47:27]} {[%emt 00:02:29]} 14. Nc4 {[%clk 01:03:31]} {[%emt 00:02:24]} Bxa1
{[%clk 00:36:47]} {[%emt 00:11:11]} 15. Nxb6 {[%clk 01:03:31]} {[%emt
00:00:29]} axb6 {[%clk 00:36:48]} {[%emt 00:00:29]} 16. Ng5 {[%clk 01:03:34]}
{[%emt 00:00:27]} h5 {[%clk 00:35:15]} {[%emt 00:02:03]} 17. Nxe6 {[%clk
01:01:10]} {[%emt 00:02:51]} fxe6 {[%clk 00:34:03]} {[%emt 00:01:43]} 18. Qxe6+
{[%clk 01:00:29]} {[%emt 00:01:13]} Rf7 {[%clk 00:33:55]} {[%emt 00:00:37]} 19.
Qxg6+ {[%clk 01:00:31]} {[%emt 00:00:27]} Kf8 {[%clk 00:33:20]} {[%emt
00:01:03]} 20. Qxh5 {[%clk 00:59:32]} {[%emt 00:01:32]} Rxa2 {[%clk 00:33:26]}
{[%emt 00:00:24]} 21. Be3 {[%clk 00:54:10]} {[%emt 00:05:52]} Nb4 {[%clk
00:29:22]} {[%emt 00:04:33]} 22. e5 {[%clk 00:49:43]} {[%emt 00:04:58]} 1-0

[Event "DEM U10w 2024"]
[Site "Willingen GER"]
[Date "2024.05.24"]
[Round "10"]
[White "Chen, Yuefan"]
[Black "Hendler, Felicitas"]
[Result "1-0"]
[Termination "normal"]
[Board "3"]
[WhiteElo "1682"]
[BlackElo "1645"]
[WhiteClock "00:39:30"]
[BlackClock "00:20:16"]
[PlyCount "45"]
[WhiteFideId "34653910"]
[BlackFideId "34616519"]
[EventCountry "GER"]
[EventRounds "11"]
[EventType "swiss"]
[EventDate "2024.05.18"]

1. d4 {[%clk 01:15:58]} d5 {[%clk 01:15:46]} {[%emt 00:00:14]} 2. c4 {[%clk
01:16:24]} {[%emt 00:00:06]} e6 {[%clk 01:15:47]} {[%emt 00:00:27]} 3. Nc3
{[%clk 01:16:38]} {[%emt 00:00:16]} c5 {[%clk 01:15:47]} {[%emt 00:00:30]} 4.
dxc5 {[%clk 01:15:36]} {[%emt 00:01:33]} Nf6 {[%clk 01:12:03]} {[%emt
00:04:13]} 5. Bg5 {[%clk 01:14:42]} {[%emt 00:01:25]} Bxc5 {[%clk 01:04:58]}
{[%emt 00:07:35]} 6. e3 {[%clk 01:08:07]} {[%emt 00:07:05]} Qb6 {[%clk
01:00:30]} {[%emt 00:04:57]} 7. Qc2 {[%clk 01:06:32]} {[%emt 00:02:06]} Nbd7
{[%clk 00:52:03]} {[%emt 00:08:55]} 8. a3 {[%clk 01:05:52]} {[%emt 00:01:13]}
d4 {[%clk 00:48:40]} {[%emt 00:03:52]} 9. Na4 {[%clk 01:01:46]} {[%emt
00:04:36]} Qa5+ {[%clk 00:43:22]} {[%emt 00:05:47]} 10. b4 {[%clk 01:01:13]}
{[%emt 00:01:04]} Bxb4+ {[%clk 00:43:32]} {[%emt 00:00:19]} 11. axb4 {[%clk
01:01:36]} {[%emt 00:00:09]} Qxg5 {[%clk 00:43:48]} {[%emt 00:00:12]} 12. Nf3
{[%clk 01:00:02]} {[%emt 00:02:05]} Qg4 {[%clk 00:42:11]} {[%emt 00:02:06]} 13.
Nxd4 {[%clk 00:57:51]} {[%emt 00:02:42]} O-O {[%clk 00:41:14]} {[%emt
00:01:27]} 14. g3 {[%clk 00:56:51]} {[%emt 00:01:30]} e5 {[%clk 00:39:08]}
{[%emt 00:02:35]} 15. Nf5 {[%clk 00:53:59]} {[%emt 00:03:23]} Qf3 {[%clk
00:34:13]} {[%emt 00:05:24]} 16. Rg1 {[%clk 00:53:00]} {[%emt 00:01:30]} e4
{[%clk 00:29:14]} {[%emt 00:05:28]} 17. Nd6 {[%clk 00:49:50]} {[%emt 00:03:40]}
Ne5 {[%clk 00:26:52]} {[%emt 00:02:51]} 18. Nc5 {[%clk 00:44:46]} {[%emt
00:05:35]} b6 {[%clk 00:24:22]} {[%emt 00:03:00]} 19. Be2 {[%clk 00:43:28]}
{[%emt 00:01:48]} Nd3+ {[%clk 00:20:12]} {[%emt 00:04:40]} 20. Nxd3 {[%clk
00:43:33]} {[%emt 00:00:25]} exd3 {[%clk 00:20:23]} {[%emt 00:00:15]} 21. Bxf3
{[%clk 00:42:39]} {[%emt 00:01:27]} dxc2 {[%clk 00:20:42]} {[%emt 00:00:11]}
22. Bxa8 {[%clk 00:42:59]} {[%emt 00:00:10]} Rd8 {[%clk 00:20:16]} {[%emt
00:00:55]} 23. c5 {[%clk 00:39:30]} {[%emt 00:04:00]} 1-0

[Event "DEM U10w 2024"]
[Site "Willingen GER"]
[Date "2024.05.24"]
[Round "10"]
[White "Artemenko, Isabella"]
[Black "Mandziuk, Varvara"]
[Result "1-0"]
[Termination "normal"]
[Board "4"]
[WhiteElo "1237"]
[BlackElo "1146"]
[WhiteClock "01:19:09"]
[BlackClock "00:30:37"]
[PlyCount "87"]
[WhiteFideId "34639616"]
[BlackFideId "34638016"]
[EventCountry "GER"]
[EventRounds "11"]
[EventType "swiss"]
[EventDate "2024.05.18"]

1. e4 {[%clk 01:15:59]} e5 {[%clk 01:15:50]} {[%emt 00:00:11]} 2. Nf3 {[%clk
01:16:24]} {[%emt 00:00:05]} Nc6 {[%clk 01:16:14]} {[%emt 00:00:07]} 3. Bc4
{[%clk 01:16:48]} {[%emt 00:00:06]} Bc5 {[%clk 01:16:37]} {[%emt 00:00:07]} 4.
O-O {[%clk 01:17:13]} {[%emt 00:00:05]} Nf6 {[%clk 01:16:11]} {[%emt 00:00:56]}
5. d4 {[%clk 01:17:36]} {[%emt 00:00:07]} Bxd4 {[%clk 01:15:01]} {[%emt
00:01:39]} 6. Nxd4 {[%clk 01:18:00]} {[%emt 00:00:07]} Nxd4 {[%clk 01:15:08]}
{[%emt 00:00:23]} 7. Bg5 {[%clk 01:18:24]} {[%emt 00:00:06]} d6 {[%clk
01:14:46]} {[%emt 00:00:52]} 8. f4 {[%clk 01:18:46]} {[%emt 00:00:08]} Be6
{[%clk 01:07:18]} {[%emt 00:07:57]} 9. Bxe6 {[%clk 01:18:43]} {[%emt 00:00:34]}
Nxe6 {[%clk 01:07:17]} {[%emt 00:00:31]} 10. fxe5 {[%clk 01:16:28]} {[%emt
00:02:45]} Nxg5 {[%clk 01:04:11]} {[%emt 00:03:36]} 11. exf6 {[%clk 01:16:54]}
{[%emt 00:00:04]} gxf6 {[%clk 01:03:54]} {[%emt 00:00:46]} 12. Qg4 {[%clk
01:16:19]} {[%emt 00:00:55]} Qe7 {[%clk 01:00:13]} {[%emt 00:04:21]} 13. Nc3
{[%clk 01:16:33]} {[%emt 00:00:17]} h5 {[%clk 00:59:40]} {[%emt 00:01:02]} 14.
Qf5 {[%clk 01:16:47]} {[%emt 00:00:15]} Rh6 {[%clk 00:57:22]} {[%emt 00:02:48]}
15. Nd5 {[%clk 01:16:57]} {[%emt 00:00:21]} Qd7 {[%clk 00:40:12]} {[%emt
00:17:41]} 16. Nxf6+ {[%clk 01:17:18]} {[%emt 00:00:08]} Rxf6 {[%clk 00:40:11]}
{[%emt 00:00:30]} 17. Qxf6 {[%clk 01:17:43]} {[%emt 00:00:05]} Qg4 {[%clk
00:39:53]} {[%emt 00:00:49]} 18. Qh8+ {[%clk 01:17:47]} {[%emt 00:00:26]} Kd7
{[%clk 00:39:53]} {[%emt 00:00:29]} 19. Qxa8 {[%clk 01:18:09]} {[%emt
00:00:09]} h4 {[%clk 00:40:15]} {[%emt 00:00:08]} 20. Qxb7 {[%clk 01:18:15]}
{[%emt 00:00:24]} h3 {[%clk 00:40:22]} {[%emt 00:00:22]} 21. g3 {[%clk
01:18:25]} {[%emt 00:00:20]} Qe2 {[%clk 00:40:01]} {[%emt 00:00:48]} 22. Rxf7+
{[%clk 01:16:53]} {[%emt 00:02:06]} Nxf7 {[%clk 00:39:59]} {[%emt 00:00:32]}
23. e5 {[%clk 01:17:05]} {[%emt 00:00:18]} Nxe5 {[%clk 00:40:16]} {[%emt
00:00:12]} 24. Rf1 {[%clk 01:14:33]} {[%emt 00:03:02]} Ke6 {[%clk 00:32:37]}
{[%emt 00:08:03]} 25. Qc8+ {[%clk 01:14:14]} {[%emt 00:00:56]} Kd5 {[%clk
00:30:52]} {[%emt 00:02:13]} 26. Qb7+ {[%clk 01:12:48]} {[%emt 00:01:58]} Ke6
{[%clk 00:26:13]} {[%emt 00:05:10]} 27. Qc8+ {[%clk 01:12:33]} {[%emt
00:00:45]} Kd5 {[%clk 00:26:15]} {[%emt 00:00:27]} 28. Qxh3 {[%clk 01:12:16]}
{[%emt 00:00:46]} Nf3+ {[%clk 00:26:26]} {[%emt 00:00:20]} 29. Rxf3 {[%clk
01:12:38]} {[%emt 00:00:09]} Qxf3 {[%clk 00:26:45]} {[%emt 00:00:11]} 30. Qg2
{[%clk 01:13:05]} {[%emt 00:00:02]} Qxg2+ {[%clk 00:27:00]} {[%emt 00:00:15]}
31. Kxg2 {[%clk 01:13:32]} {[%emt 00:00:03]} Ke5 {[%clk 00:27:19]} {[%emt
00:00:11]} 32. Kf3 {[%clk 01:13:55]} {[%emt 00:00:07]} Kf6 {[%clk 00:27:34]}
{[%emt 00:00:12]} 33. Ke4 {[%clk 01:14:21]} {[%emt 00:00:07]} Ke7 {[%clk
00:27:48]} {[%emt 00:00:15]} 34. Kd5 {[%clk 01:14:47]} {[%emt 00:00:06]} Kd8
{[%clk 00:27:43]} {[%emt 00:00:35]} 35. Kc6 {[%clk 01:15:11]} {[%emt 00:00:06]}
a6 {[%clk 00:27:42]} {[%emt 00:00:31]} 36. h4 {[%clk 01:15:37]} {[%emt
00:00:03]} Ke7 {[%clk 00:28:06]} {[%emt 00:00:05]} 37. Kxc7 {[%clk 01:16:03]}
{[%emt 00:00:05]} d5 {[%clk 00:28:31]} {[%emt 00:00:05]} 38. g4 {[%clk
01:16:30]} {[%emt 00:00:03]} Kf6 {[%clk 00:28:54]} {[%emt 00:00:07]} 39. Kd6
{[%clk 01:16:57]} {[%emt 00:00:03]} d4 {[%clk 00:29:16]} {[%emt 00:00:09]} 40.
Kd5 {[%clk 01:17:24]} {[%emt 00:00:03]} a5 {[%clk 00:29:35]} {[%emt 00:00:11]}
41. Kxd4 {[%clk 01:17:51]} {[%emt 00:00:03]} a4 {[%clk 00:29:55]} {[%emt
00:00:10]} 42. Kc4 {[%clk 01:18:15]} {[%emt 00:00:06]} Kg6 {[%clk 00:30:15]}
{[%emt 00:00:10]} 43. Kb4 {[%clk 01:18:41]} {[%emt 00:00:04]} a3 {[%clk
00:30:37]} {[%emt 00:00:08]} 44. Kxa3 {[%clk 01:19:09]} {[%emt 00:00:02]} 1-0

[Event "DEM U10w 2024"]
[Site "Willingen GER"]
[Date "2024.05.24"]
[Round "10"]
[White "Lukas, Olivia"]
[Black "Goyush, Shams"]
[Result "0-1"]
[Termination "normal"]
[Board "5"]
[WhiteElo "1569"]
[BlackElo "996"]
[WhiteClock "00:57:56"]
[BlackClock "01:08:14"]
[PlyCount "60"]
[WhiteFideId "34632239"]
[EventCountry "GER"]
[EventRounds "11"]
[EventType "swiss"]
[EventDate "2024.05.18"]

1. e4 {[%clk 01:15:55]} {[%emt 00:00:04]} e6 {[%clk 01:15:54]} {[%emt
00:00:06]} 2. d4 {[%clk 01:16:19]} {[%emt 00:00:06]} d5 {[%clk 01:16:19]}
{[%emt 00:00:05]} 3. e5 {[%clk 01:16:46]} {[%emt 00:00:04]} c5 {[%clk
01:16:43]} {[%emt 00:00:06]} 4. c3 {[%clk 01:17:12]} {[%emt 00:00:04]} Nc6
{[%clk 01:17:03]} {[%emt 00:00:10]} 5. Nf3 {[%clk 01:17:31]} {[%emt 00:00:11]}
Qb6 {[%clk 01:17:26]} {[%emt 00:00:07]} 6. Bd3 {[%clk 01:17:46]} {[%emt
00:00:15]} cxd4 {[%clk 01:17:47]} {[%emt 00:00:09]} 7. cxd4 {[%clk 01:18:07]}
{[%emt 00:00:09]} Bd7 {[%clk 01:18:05]} {[%emt 00:00:11]} 8. Bc2 {[%clk
01:18:27]} {[%emt 00:00:10]} Nb4 {[%clk 01:18:17]} {[%emt 00:00:19]} 9. Bb3
{[%clk 01:18:02]} {[%emt 00:00:55]} Qa6 {[%clk 01:18:14]} {[%emt 00:00:30]} 10.
a3 {[%clk 01:17:43]} {[%emt 00:00:53]} Nd3+ {[%clk 01:18:32]} {[%emt 00:00:10]}
11. Kf1 {[%clk 01:11:44]} {[%emt 00:06:30]} Nxc1+ {[%clk 01:18:15]} {[%emt
00:00:46]} 12. Kg1 {[%clk 01:11:52]} {[%emt 00:00:23]} Ne2+ {[%clk 01:17:10]}
{[%emt 00:01:33]} 13. Kf1 {[%clk 01:12:02]} {[%emt 00:00:21]} Nc3+ {[%clk
01:17:21]} {[%emt 00:00:19]} 14. Ke1 {[%clk 01:11:44]} {[%emt 00:00:48]} Nxd1
{[%clk 01:17:15]} {[%emt 00:00:36]} 15. Kxd1 {[%clk 01:12:11]} {[%emt
00:00:04]} Ne7 {[%clk 01:15:58]} {[%emt 00:01:43]} 16. Nc3 {[%clk 01:12:31]}
{[%emt 00:00:13]} Qb6 {[%clk 01:14:47]} {[%emt 00:01:40]} 17. Kc2 {[%clk
01:11:28]} {[%emt 00:01:34]} Nf5 {[%clk 01:14:41]} {[%emt 00:00:35]} 18. Rhd1
{[%clk 01:11:27]} {[%emt 00:00:32]} Be7 {[%clk 01:13:56]} {[%emt 00:01:14]} 19.
h3 {[%clk 01:07:06]} {[%emt 00:04:51]} O-O {[%clk 01:12:54]} {[%emt 00:01:33]}
20. g4 {[%clk 01:06:00]} {[%emt 00:01:35]} Nh4 {[%clk 01:12:58]} {[%emt
00:00:23]} 21. Nh2 {[%clk 01:04:07]} {[%emt 00:02:26]} Rac8 {[%clk 01:12:07]}
{[%emt 00:01:20]} 22. Rd2 {[%clk 01:01:07]} {[%emt 00:03:31]} Be8 {[%clk
01:09:42]} {[%emt 00:02:56]} 23. Rf1 {[%clk 00:59:34]} {[%emt 00:02:03]} f6
{[%clk 01:09:19]} {[%emt 00:00:52]} 24. f4 {[%clk 00:57:31]} {[%emt 00:02:32]}
fxe5 {[%clk 01:08:06]} {[%emt 00:01:42]} 25. fxe5 {[%clk 00:57:24]} {[%emt
00:00:38]} Rxf1 {[%clk 01:08:13]} {[%emt 00:00:23]} 26. Nxf1 {[%clk 00:57:48]}
{[%emt 00:00:07]} Bg6+ {[%clk 01:08:28]} {[%emt 00:00:14]} 27. Kc1 {[%clk
00:58:11]} {[%emt 00:00:08]} Qxb3 {[%clk 01:08:40]} {[%emt 00:00:18]} 28. Ne3
{[%clk 00:57:35]} {[%emt 00:01:03]} Bg5 {[%clk 01:08:36]} {[%emt 00:00:35]} 29.
Re2 {[%clk 00:57:32]} {[%emt 00:00:35]} Bxe3+ {[%clk 01:08:14]} {[%emt
00:00:52]} 30. Rxe3 {[%clk 00:57:56]} {[%emt 00:00:05]} Qc2# {[%emt 00:00:04]}
0-1